Cyclic homology in non-commutative geometry /
Guardado en:
| Autor Principal: | |
|---|---|
| Otros Autores: | , |
| Formato: | Libro |
| Idioma: | English |
| Publicado: |
Berlin :
Springer,
c2004.
|
| Series: | Encyclopaedia of mathematical sciences ;
121 Encyclopaedia of mathematical sciences. Operator algebras and non-commutative geometry ; 2 |
| Etiquetas: |
Agregar Etiqueta
Sin Etiquetas, Sea el primero en etiquetar este registro!
|
| LEADER | 00957nam a22002295a 4500 | ||
|---|---|---|---|
| 001 | MAT.inmabb003905 | ||
| 008 | 060523s2004####gw#######b####001#0#eng#d | ||
| 005 | 20130301153238.0 | ||
| 245 | 1 | 0 | |a Cyclic homology in non-commutative geometry / |c Joachim Cuntz, Georges Skandalis, Boris Tsygan. |
| 260 | |a Berlin : |b Springer, |c c2004. | ||
| 300 | |a x, 137 p. ; |c 24 cm. | ||
| 490 | 1 | |a Encyclopaedia of mathematical sciences, |x 0938-0396 ; |v 121. |a Operator algebras and non-commutative geometry ; |v 2 | |
| 504 | |a Incluye referencias bibliográficas e índices. | ||
| 510 | 4 | |a MR, |c 2005k:19008 | |
| 020 | |a 3540404694 | ||
| 100 | 1 | |a Cuntz Joachim J. R., |d 1948- | |
| 700 | 1 | |a Skandalis, Georges. | |
| 700 | 1 | |a Tsygan, Boris. | |
| 830 | 0 | |a Encyclopaedia of mathematical sciences ; |v 121 | |
| 830 | 0 | |a Encyclopaedia of mathematical sciences. |p Operator algebras and non-commutative geometry ; |v 2 | |
| 084 | |a 19D55 (19K35 58B34) |2 msc2000 | ||
| 859 | |h 19 |i C973 |p A-8295 |b BIB. MATEMATICA | ||
